Toward equal justice : (Record no. 3095)

MARC details
000 -LEADER
fixed length control field 01235cam a2200337 i 4500
001 - CONTROL NUMBER
control field 1744080
003 - CONTROL NUMBER IDENTIFIER
control field OSt
005 - DATE AND TIME OF LATEST TRANSACTION
control field 20230629140422.0
008 - FIXED-LENGTH DATA ELEMENTS--GENERAL INFORMATION
fixed length control field 760817s1975 it b 000 0 eng
010 ## - LIBRARY OF CONGRESS CONTROL NUMBER
LC control number 75018519
015 ## - NATIONAL BIBLIOGRAPHY NUMBER
National bibliography number It76-Feb.
020 ## - INTERNATIONAL STANDARD BOOK NUMBER
International Standard Book Number 0379002132 (Oceana):
Terms of availability L15000
040 ## - CATALOGING SOURCE
Original cataloging agency DLC
Transcribing agency DLC
Modifying agency DLC
041 0# - LANGUAGE CODE
Language code of text/sound track or separate title eng
Language code of summary or abstract fre
050 00 - LIBRARY OF CONGRESS CALL NUMBER
Classification number K133
Item number .C37 1975
082 00 - DEWEY DECIMAL CLASSIFICATION NUMBER
Classification number 347.01
Item number CAP
100 1# - MAIN ENTRY--PERSONAL NAME
Personal name Cappelletti, Mauro.
245 10 - TITLE STATEMENT
Title Toward equal justice :
Remainder of title a comparative study of legal aid in modern societies : (text and materials) /
Statement of responsibility, etc. Mauro Cappelletti, James Gordley, & Earl Johnson ; with original contributions by P. O. Bolding ... [et al.] ; general editor of materials, Vincenzo Varano.
260 ## - PUBLICATION, DISTRIBUTION, ETC. (IMPRINT)
Place of publication, distribution, etc. Milano :
Name of publisher, distributor, etc. A. Giuffrè ;
Place of publication, distribution, etc. Dobbs Ferry, N.Y. :
Name of publisher, distributor, etc. Oceana,
Date of publication, distribution, etc. 1975.
300 ## - PHYSICAL DESCRIPTION
Extent xxvi, 756 p. ;
Dimensions 24 cm.
490 0# - SERIES STATEMENT
Series statement Studies in comparative law ; 13
500 ## - GENERAL NOTE
General note Summary in French.
504 ## - BIBLIOGRAPHY, ETC. NOTE
Bibliography, etc Bibliography: p. [727]-743.
650 #0 - SUBJECT ADDED ENTRY--TOPICAL TERM
Topical term or geographic name as entry element Legal aid.
650 #0 - SUBJECT ADDED ENTRY--TOPICAL TERM
Topical term or geographic name as entry element Legal assistance to the poor.
700 1# - ADDED ENTRY--PERSONAL NAME
Personal name Gordley, James,
Relator term joint author.
700 1# - ADDED ENTRY--PERSONAL NAME
Personal name Johnson, Earl,
Dates associated with a name 1933-
Relator term joint author.
906 ## - LOCAL DATA ELEMENT F, LDF (RLIN)
a 7
b cbc
c orignew
d 2
e ocip
f 19
g y-gencatlg
942 ## - ADDED ENTRY ELEMENTS (KOHA)
Source of classification or shelving scheme Dewey Decimal Classification
Koha item type Books

No items available.

LIBRARY OPENING HOURS

When the Parliament is sitting: 8.00a.m - 7.00p.m or until the house adjourns
Mondays and Fridays and when the House is on Recess:  8.00a.m - 5.00p.m
Closed on Weekends and Public Holidays

Online Public Access Catalog (OPAC)
Website: http://www.parliament.go.ke
Bunge Library: https://libraryir.parliament.go.ke
Contact: library@parliament.go.ke | Tel no: (254-2)2221291 or 2848000 Ext 5043